00000000nam##2200000za#4500
0019.666273
003CaOODSP
00520210615122740
007ta
008150407|2005||||xxc|||||     f|0| 0 eng|d
020 |a0-662-68844-9
040 |aCaOODSP|beng
041 |aeng
041 |afre
043 |an-cn---
0861 |aCH1-3/2005
1101 |aCanada. |bCanadian Heritage.
24510|aGuide to Canadian Heritage financial support programs : |bcreating Canada together
260 |aOttawa - Ontario : |bCanadian Heritage |c2005.
300 |aEnglish text, [6], 95p. ; |c28 cm.
5203 |aThis is a guide to grants, bursaries, tax credits, and other financial support offered by the Department of Canadian Heritage under the following categories: Aboriginal, arts and culture, Canada’s heritage, digital future, multiculturalism, official languages, sport, and youth. A brief description of each program is followed by information about who can apply, when, and where. Because the programs change from time to time, readers are encouraged to visit the Department’s Web site (www.canadianheritage.gc.ca) for the most up-to-date information.
563 |aSpiral binding
590 |a05-29|b2005-07-22
69007|aHeritage|2gcpds
7760#|tGuide des programmes d'appui financier de Patrimoine canadien |w(CaOODSP)9.632096
7760#|tGuide to Canadian Heritage financial support programs |w(CaOODSP)9.687657
792 |tGuide des programmes d'appui financier de Patrimoine canadien : |efre|w(CaOODSP)9.666274